00232 a2200109 4500001000700000020000600007040001100013100002200024240003600046245003100082362000900113164446 a  cMagnum aAlmeida, Guido de10aO professor que nao ensinalpor10aO professor que nao ensina0 a1899